| 000 | 01429nam a22003614a 4500 | ||
|---|---|---|---|
| 001 | ebr10103778 | ||
| 003 | CaPaEBR | ||
| 006 | m u | ||
| 007 | cr cn||||||||| | ||
| 008 | 040702s2004 nyua sb 001 0 eng | ||
| 010 | _z 2004056083 | ||
| 020 | _z1403936498 | ||
| 020 | _z1403936501 (pbk.) | ||
| 040 |
_aCaPaEBR _cCaPaEBR |
||
| 035 | _a(OCoLC)559942099 | ||
| 043 | _an-us--- | ||
| 050 | 1 | 4 |
_aHC106.83 _b.A74 2004eb |
| 082 | 0 | 4 |
_a330.973 _222 |
| 100 | 1 |
_aArestis, Philip, _d1941- |
|
| 245 | 1 | 4 |
_aThe post-bubble US economy _h[electronic resource] : _bimplications for financial markets and the economy / _cPhilip Arestis and Elias Karakitsos. |
| 260 |
_aNew York : _bPalgrave Macmillan, _c2004. |
||
| 300 |
_axix, 301 p. : _bill. |
||
| 504 | _aIncludes bibliographical references and index. | ||
| 533 |
_aElectronic reproduction. _bPalo Alto, Calif. : _cebrary, _d2013. _nAvailable via World Wide Web. _nAccess may be limited to ebrary affiliated libraries. |
||
| 650 | 0 | _aFinancial crises. | |
| 650 | 0 | _aInternational economic relations. | |
| 651 | 0 |
_aUnited States _xEconomic conditions _y1981-2001. |
|
| 651 | 0 |
_aUnited States _xEconomic conditions _y2001-2009. |
|
| 655 | 7 |
_aElectronic books. _2local |
|
| 700 | 1 | _aKarakitsos, Elias. | |
| 710 | 2 | _aebrary, Inc. | |
| 856 | 4 | 0 |
_uhttp://site.ebrary.com/lib/rucke/Doc?id=10103778 _zAn electronic book accessible through the World Wide Web; click to view |
| 999 |
_c206436 _d206436 |
||